Normal view
MARC view
- Cunietti, Juana
Entry Nombre Personal
001 - NUMERO DE CONTROL
- campo de control: 54179
003 - IDENTIFICADOR DE NUMERO DE CONTROL
- campo de control: MX-MxUPN
005 - FECHA Y HORA DE LA ÜLTIMA TRANSACCIÓN
- campo de control: 20241017100333.0
008 - DATOS DE LONGITUD FIJA
- campo de control de longitud fija: 241017|| acn||aabn | aaa d
040 ## - FUENTE DE CATALOGACIÓN
- Agencia original de catalogación: MX-MxUPN
- Lenguaje de catalogación: spa
- Agencia de transcripción: MX-MxUPN
100 1# - ENCABEZAMIENTO - NOMBRE PERSONAL
- Nombre personal: Cunietti, Juana
670 ## - FUENTE EN LA QUE SE LOCALIZARON DATOS
- Cita de la fuente: Alegría de construir : trabajo manual y decoración, 1967 :
- Información localizada: portada (Juana Cunietti)
902 ## - CATALOGADOR
- Catalogador: MaríaRobles/171024
